Statystyki dla TOP20 najbardziej zaludnionych krajów marzec 2020

Kliknij tutaj aby rozwiązać quiz!

Ogólne statystyki

  • Ten quiz został rozwiązany 203 razy
    (132 od ostatniego zresetowania)
  • Średni wynik to 15 z 20

Statystyki odpowiedzi

LudnośćKraj% Poprawnych
330 mlnStany Zjednoczone
100%
1,43 mldChiny
97%
1,37 mldIndie
95%
212 mlnBrazylia
92%
145 mlnRosja
92%
126 mlnJaponia
87%
83,7 mlnNiemcy
87%
128 mlnMeksyk
80%
101 mlnEgipt
74%
272 mlnIndonezja
73%
204 mlnNigeria
70%
88,8 mlnDemokratyczna Republika Konga
68%
83,7 mlnIran
68%
84,1 mlnTurcja
68%
219 mlnPakistan
66%
164 mlnBangladesz
61%
97,1 mlnWietnam
58%
69,7 mlnTajlandia
56%
114 mlnEtiopia
50%
109 mlnFilipiny
50%

Rozkład punktacji

Percentyl według liczby udzielonych odpowiedzi

Procent ludzi z każdym wynikiem

Twoja historia wyników

Nie rozwiązałeś tego quizu od ostatniego zresetowania